| 000 | 00698nam a2200205 i 4500 | ||
|---|---|---|---|
| 001 | 187171 | ||
| 003 | SpMaBN | ||
| 005 | 20230906222831.0 | ||
| 008 | 170427s1951 sp a |||| | spa d | ||
| 080 | _a94(38) | ||
| 100 | 1 |
_aWilcken, Ulrich. _9116805 |
|
| 245 | 1 | 0 |
_aHistoria de Grecia _b: en la perspectiva del Mundo Antiguo / _cUlrich Wilcken. |
| 250 |
_a2ª ed. _bcuidadosamente rev. por la Ed. |
||
| 260 |
_aMadrid : _bPegaso, _c1951. |
||
| 300 |
_aXV, 450 p. : _bil. ; _c22 cm. |
||
| 500 | _aCronología. | ||
| 504 | _aBibliografía: p. [437]-442. | ||
| 651 | 7 |
_aGrecia- _xHistoria. _98777 |
|
| 852 |
_aES-MaACL _jL-31503 _z. - Donat. herederos de la bibl. de Mª del Pilar Costa Palacín |
||
| 999 |
_c187171 _d187171 |
||